Pod hladinou lží /
Případ vraždy mladé rodiny je námětem šestého dílu řady s policistkou Madison Harperovou.
Uloženo v:
| Série: | Madison Harperová,
část 6 |
|---|---|
| Hlavní autor: | |
| Další autoři: | |
| Médium: | E-kniha |
| Jazyk: | Czech |
| Vydáno: |
V Praze :
Kniha Zlin,
2025
|
| Vydání: | 1. vydání |
| Témata: | |
| Příbuzné jednotky: | Z cyklu::
Madison Harperová |
| Tagy: |
Žádné tagy |
| LEADER | 02817nam a2200445 i 4500 | ||
|---|---|---|---|
| 001 | 312721 | ||
| 003 | CZ PrSKC | ||
| 005 | 20260601215727.0 | ||
| 007 | ta | ||
| 008 | 250515s2025 xr g 000 f cze | ||
| 015 | |a cnb003685241 | ||
| 020 | |a 9788076628496 |q (vázáno) | ||
| 035 | |a (OCoLC)1527576766 | ||
| 040 | |a ABG001 |b cze |d ABA001 |e rda | ||
| 041 | 1 | |a cze |h eng | |
| 072 | 7 | |a 821.111-3 |x Anglická próza, anglicky psaná |2 Konspekt | |
| 080 | |a 821.111-31 |2 MRF | ||
| 080 | |a (0:82-312.4) |2 MRF | ||
| 100 | 1 | |a Dranfield, Wendy |7 xx0276894 |4 aut | |
| 240 | 1 | 0 | |a Her lonely bones. |l Česky |
| 245 | 1 | 0 | |a Pod hladinou lží / |c Wendy Dranfield ; z anglického originálu Her lonely bones ... přeložila Jana Vlčková |
| 250 | |a 1. vydání | ||
| 264 | 1 | |a V Praze : |b Kniha Zlin, |c 2025 | |
| 300 | |a 393 stran ; |c 21 cm | ||
| 336 | |a text |b txt |2 rdacontent | ||
| 337 | |a bez média |b n |2 rdamedia | ||
| 338 | |a svazek |b nc |2 rdacarrier | ||
| 520 | 2 | |a Případ vraždy mladé rodiny je námětem šestého dílu řady s policistkou Madison Harperovou. |b Městečkem Lost Creek otřese brutální vražda mladého páru a jejich dvojčat. Šlo snad o vloupání, které se tragicky zvrtlo? Detektiv Madison Harperová si to nemyslí. Když totiž dorazí do zchátralého a až strašidelně prázdného domu, zjistí, že oběti nelze identifikovat a z místa činu zmizely všechny jejich osobní věci. Ani výslechy sousedů nepřinesou mnoho informací - vypadá to, že rodinka se sotva přistěhovala. Nikdo se s nimi nesetkal, nikdo nezná jejich jména. S objevem dětského trička s nápisem Tatínkova holčička pochopí Madison mrazivou skutečnost: v domě bylo další dítě. Kam ale zmizelo? Madison je odhodlaná dívenku najít, ale bolestně si uvědomuje, že s každou uplynulou vteřinou se snižuje šance, že bude nalezena živá. Přesto je připravená riskovat cokoliv, aby ji našla, dokonce i svůj vlastní život. Nakladatelská anotace. | |
| 655 | 7 | |a anglické romány |7 fd131814 |2 czenas | |
| 655 | 7 | |a detektivní romány |7 fd132010 |2 czenas | |
| 655 | 9 | |a English fiction |2 eczenas | |
| 655 | 9 | |a detective novels |2 eczenas | |
| 700 | 1 | |a Vlčková, Jana, |d 1973- |7 mzk2003184700 |4 trl | |
| 787 | 0 | 8 | |i Z cyklu: |t Madison Harperová |g 6 |
| 900 | |a ABA001 |b 20 | ||
| 928 | 9 | |a Albatros Media - Kniha Zlin | |
| 044 | |a xr | ||
| 910 | |a RBIT002 | ||
| 998 | |d 420318 |a https://core.palmknihy.cz/api/books/420318/cover?svxtwt |b https://core.palmknihy.cz/api/books/420318/cover/400?svxtwt |c https://core.palmknihy.cz/api/books/420318/cover/50?svxtwt |e 2030-02-14 |g 400 |i 9788076628496 |j https://core.palmknihy.cz/api/books/420318/preview.epub |k https://core.palmknihy.cz/api/books/420318/preview.pdf |l |q 49 |r 1 |s https://www.palmknihy.cz/kniha/420318 |t ebook |y 2025 |z 0 |v Madison Harperová |w 6 | ||
| 999 | |d 312719 | ||